All the Geography I know by Letter-S - Statistics

General Stats
  • This quiz has been taken 39 times
  • The average score is 59 of 108
Answer Stats
Hint Answer % Correct
Country in Oceania Samoa
88%
City in California San Francisco
85%
Country in the Middle East Saudi Arabia
85%
Most recently independent country South Sudan
85%
Country on the Iberian peninsula Spain
85%
Country the below got independence from Sudan
85%
Country in Scandinavia Sweden
85%
Country in the Alps Switzerland
85%
City in California San Diego
82%
Biggest city in Brazil Sao Paulo
82%
Country in West Africa Senegal
82%
Italian Island Sicily
82%
Country in Oceania Solomon Islands
82%
Country in southern Africa South Africa
82%
Country on the Korean peninsula South Korea
82%
Huge North African desert Sahara
79%
Capital of Yemen Sana'a
79%
Capital of Chile Santiago
79%
Country in the Balkans Slovenia
79%
Capital of Bulgaria Sofia
79%
Country on the Horn of Africa Somalia
79%
Capital of the above Stockholm
79%
Lake in Utah Salt Lake
76%
Capital of Utah Salt Lake City
76%
Country only bordering Italy San Marino
76%
Capital of El Salvador San Salvador
76%
Country in the Balkans Serbia
76%
Chinese city Shanghai
76%
Country in Southeast Asia Singapore
76%
Slavic Nation Slovakia
76%
City/Canal in Egypt Suez
76%
Capital of Fiji Suva
76%
Country in the Middle East Syria
76%
Capital of Costa Rica/City in California San Jose
74%
French river Seine
74%
Capital of the above Seoul
74%
U.s State South Carolina
74%
Country in the Indian Ocean Sri Lanka
74%
Indonesian Island Sumatra
74%
City in Austria Salzburg
71%
Capital of Bosnia and Herzegovina Sarajevo
71%
Italian Island Sardinia
71%
Capital of North Macedonia Skopje
71%
U.s State South Dakota
71%
City in Greece(Hint:War) Sparta
71%
Country in South America Suriname
71%
City in Morocco Sale
68%
Capital of New Mexico Santa Fe
68%
Island country in the Gulf of Guinea Sao Tome and Principe
68%
Capital of Illinois Springfield
68%
Capital of Oregon Salem
65%
Country along the Gulf of Guinea Sierra Leone
65%
City in Russia St Petersburg
65%
One of the Bolivian capitals Sucre
65%
Region of Great Britain Scotland
62%
City in England Southampton
62%
Capital of Minnesota St Paul
62%
French city on the German border Strasbourg
62%
City in Texas San Antonio
59%
Canadian province Saskatchewan
59%
City in England Sheffield
59%
City in the above Saskatoon
56%
City in Germany Stuttgart
56%
City in New York/Italy Syracuse
56%
Capital of Hokkaido Sapporo
50%
Capital of California Sacremento
47%
City in Brazil Salvador
47%
City in the above Sevilla
47%
Chinese city Shenzhen
47%
City in Croatia Split
47%
Capital of Newfoundland St Johns
47%
Filipino Island Samar
41%
City in California Santa Ana
41%
Norwegian island chain Svalbard
41%
City in Washington State Spokane
38%
City in Indonesia Surabaya
38%
City in Louisian Shreveport
35%
City in Norway Stavanger
35%
City in Pennsylvania Scranton
32%
Region below the above Sahel
29%
City in California Santa Barbara
29%
Chinese city Shantou
29%
City in the United Arab Emirates Sharjah
29%
City in the below Sioux Falls
29%
Capital of the above Srijayawardenepura
29%
Region of Poland Silesia
26%
Yemeni Island Socotra
26%
British island territory in the Atlantic Ocean/Gulf of Guinea St Helena
26%
City in Bolivia Santa Cruz
24%
Mexican State Sonora
24%
Island in that island chain Spitsbergen
24%
French Island territory near Canada St Pierre and Miquelon
24%
City in Cambodia Siem Reap
18%
City in Russia Sochi
18%
City in the above St Gallen
18%
City in Argentina Salta
15%
City in Argentina San Miguel de Tucuman
12%
Region of Malaysia Sarawak
12%
City in Lithuania Siauliai
12%
City in Washington State with a similar name as the above Spokane Valley
12%
Indonesian Island Sumba
12%
City in Uruguay Salto
9%
Region of China Shaanxi
6%
Region of China Shandong
6%
City in Albania Shkoder
6%
City in Bulgaria Stara Zagora
6%
Indonesian Island Sumbawa
6%
Region of China Shanxi
3%
No matching quizzes found
Score Distribution
Percent of People with Each Score
Percentile by Number Answered
Your Score History
You have not taken this quiz